Culture Générale - Série 1310 - Statistiques

Statistiques générales
  • Ce quiz a été pris 91 fois
  • Le résultat moyen est 6 sur 10
Statistiques - réponses
Question Réponse % Correct
Quel roi de France, représenté ici, était appelé le Roi Soleil ? Louis XIV
98%
Quel roi a dû se convertir au catholicisme et signer l'Édit de Nantes ? Henri IV
89%
Quel président français a été le premier à divorcer et à se marier au cours de son mandat ? Nicolas Sarkozy
87%
Quel président français a dit « Comment voulez-vous gouverner un pays où il existe 246 variétés de fromage » ? Charles de Gaulle
86%
Quel résistant français se faisait appeler « Rex » ? Jean Moulin
75%
Quel révolutionnaire a raconté son périple à travers l'Amérique du Sud dans un livre intitulé Voyage à motocyclette ? Che Guevara
65%
Quel était le nom de code du débarquement de Normandie ? Opération Overlord
55%
Quel roi Jeanne d'Arc a-t-elle fait sacrer à Reims ? Charles VII
46%
Quel quotidien français Jean-Paul Sartre a-t-il fondé dans les années 1970 ? Libération
42%
Quel était le nom du module lunaire dans lequel ont embarqué Neil Armstrong et Buzz Aldrin pour se poser sur la Lune en 1969 ? Eagle
2%
Aucun quiz correspondant
Distribution des résultats
% des personnes avec chaque résultat
Percentile par nombre de réponses
Votre historique - résultats
Vous n’avez pas pris ce quiz